000 00866nam a22002297a 4500
005 20250825143839.0
008 250825b |||||||| |||| 00| 0 eng d
020 _a978-81-302-0249-5 (hbk)
037 _cREF
040 _aAL
_cAL
041 _2pun
084 _aO153,3N33k Q4
_qAL
100 _aਸ਼ਰਮਾ, ਤਰਸੇਮ
_9818789
245 _aਗੁਰਦਿਆਲ ਸਿੰਘ ਸੰਧਰਭ ਕੋਸ਼
260 _aਪਟਿਆਲਾ, ਭਾਰਤ:
_bਪੰਜਾਬੀ ਯੂਨੀਵਰਸਿਟੀ,
_c2014.
300 _a763 ਪ.
365 _b950
_cinr
650 _aਪੰਜਾਬੀ ਸਾਹਿੱਤ
650 _aਪੰਜਾਬੀ ਕਹਾਣੀ
942 _2CC
_cREF
_hO153,3N33k Q4
_n0
999 _c1434863
_d1434863